=LDR 00000nam 2200000 4500 =001 INLIS000000000049558 =005 20170301082032.0 =006 =007 =008 =020 ##$$a 978-602-296-070-6 =035 ##$$0010-031700000000003 =040 ##$$a NBPDMAT =082 ##$$a 344.04 =090 ##$$a R.344.04 $bInd u =100 ##$$a Indonesia =245 ##$$a Undang-undang tentang pelayanan publik dan Keterbukaan Informasi Publik $c/ Indonesia =250 ##$$a Cet. 1 =260 ##$$a Yogyakarta $b Saufa $c 2014 =300 ##$$a 216 hlm. ; $c 20 cm =650 ##$$a Pelayanan Publik - Undang-undang dan Peraturan =850 ##$$a NBPDMAT =990 ##$$a 21606235 =990 ##$$a 21606236